| 000 | 01728cam a22003614a 4500 | ||
|---|---|---|---|
| 001 | 5939886 | ||
| 003 | ARRUPE | ||
| 005 | 20150209112256.0 | ||
| 008 | 060717s2006 nyu 000 1 eng | ||
| 010 | _a 2006023629 | ||
| 020 | _a0307265439 | ||
| 024 | 3 | _a9780307265432 | |
| 035 | _a(OCoLC)OCM70630525 | ||
| 035 | _a(NNC)5939886 | ||
| 040 |
_aDLC _cDLC _dBAKER _dWIQ _dC#P _dOrLoB-B |
||
| 043 | _an-us--- | ||
| 050 | 0 | 0 |
_aPS3563.A258 _bR6 2006 |
| 082 | 0 | 0 |
_a813/.54 _222 |
| 100 | 1 |
_aMcCarthy, Cormac, _d1933- _914887 |
|
| 245 | 1 | 4 |
_aThe road / _cCormac McCarthy. |
| 250 | _a1st ed. | ||
| 260 |
_aNew York : _bAlfred A. Knopf, _c2006. |
||
| 300 |
_a241 p. ; _c25 cm. |
||
| 520 | 1 | _a"A father and his son walk alone through burned America. Nothing moves in the ravaged landscape save the ash on the wind. It is cold enough to crack stones, and when the snow falls it is gray. The sky is dark. Their destination is the coast, although they don't know what, if anything, awaits them there. They have nothing; just a pistol to defend themselves against the lawless bands that stalk the road, the clothes they are wearing, a cart of scavenged food - and each other." "The Road is the profoundly moving story of a journey. It boldly imagines a future in which no hope remains, but in which the father and his son, "each the other's world entire," are sustained by love."--BOOK JACKET. | |
| 650 | 0 |
_aFathers and sons _vFiction. _914888 |
|
| 650 | 0 |
_aVoyages and travels _vFiction. _914889 |
|
| 650 | 0 |
_aRegression (Civilization) _vFiction. _914890 |
|
| 650 | 0 |
_aSurvival _vFiction. _914891 |
|
| 655 | 7 |
_aRobinsonades. _2gsafd _914892 |
|
| 900 | _bTOC | ||
| 942 |
_2lcc _cMONOGRAPH |
||
| 948 | 1 |
_a20061013 _bc _cjeb52 _dMPS |
|
| 999 |
_c121966 _d121966 |
||